| 000 | 01533nam a2200229Ia 4500 | ||
|---|---|---|---|
| 003 | Ost | ||
| 005 | 20260416102356.0 | ||
| 008 | 260416s9999||||xx |||||||||||||| ||und|| | ||
| 040 | _cfsecg | ||
| 041 | _aara | ||
| 082 | _a332.6 | ||
| 100 |
_aبوعمامة، نصر الدين _eمؤلف |
||
| 245 | 0 |
_aإدارة المحافظ الإستثمارية : _bالجزء الأول : حساب العوائد والمخاطرة :موجه لطلبة الماستر تخصصات إدارة مالية و مالية المؤسسة و إقتصاد نقدي و نبكي / _c نصر الدين بوعمامة |
|
| 260 |
_aالجزائر _bجامعة الجزائر3: كلية العلوم الإقتصادية، العلوم التجارية وعلوم التسيير _c2021 |
||
| 300 |
_a97 ورقة _bايضاحات _c30 سم |
||
| 504 | _aمراجع ص.95 | ||
| 520 | _aتقديم المفاهيم الأساسية المتعلقة بالمقياس و كذا حساب المخاطرة و العائد في الاستثمار الفردي و في المحفظة كع تحديد المحفظة المثلى نظريا و بيانيا و أخيرا تحديد المحفظة المثلى رياضيا خصوصا مع توسع عدد الأدواتفي المحفظة. | ||
| 653 | _aالاستثمار | ||
| 653 | _aالمحافظ الاستثمارية | ||
| 710 |
_aجامعة الجزائر3: كلية العلوم الإقتصادية، العلوم التجارية وعلوم التسيير _eناشر علمي |
||
| 942 | _cHANDOUT | ||
| 999 |
_c41212 _d41212 |
||